000 00671nam a22002057a 4500
010 _aENG-144064
020 _c700.00
_a9788195442010
035 _aEN-127596
037 _bDBAD
082 _a635.8
100 _aRajesh Kumar
_979458
245 _aMushrooms of Mizoram/
_cby Rajesh Kumar...[et.al]
260 _aAssam
_bRain Forest research Institute
_c2021
270 _aIndian Council of Forestry research and Education jorhat,
_bAssam
_e785010
300 _a223p.:
_c21cm(pb)
700 _aJayaraj, R.S.C
_eAuthor
_979459
700 _aSharma, Hansraj
_eAuthor
_979460
700 _aTadav, Sandeep
_eAuthor
_979461
942 _2ddc
_cEN
_mRAJ
_h635.8
999 _c210195
_d210195